Sports Quiz

Random Sports or World Cup Quiz

2014 World Cup Fact File Quiz Stats

Quiz not verified by Sporcle

Challenge
Share
Tweet
Embed
Score 0/28 Timer 05:00
0 Plays Today
Hint Answer % Correct
Host nationBrazil
100%
3rd place playoff loserBrazil
100%
WinnerGermany
93.8%
Runner-upArgentina
93.8%
3rd place playoff winnerNetherlands
92.5%
Captain of winning sidePhilipp Lahm
91.3%
Capital of host nationBrasília
90%
Captain of runner-up's sideLionel Messi
90%
No. of stadiums12
87.5%
Coach of winning sideJoachim Löw
87.5%
No. of competing teams32
77.5%
Golden boot (6 goals)James Rodríguez
76.3%
Opening matchBrazil vs Croatia
73.8%
Final stadiumMaracanã
70%
Hint Answer % Correct
Largest venue (71,159 seats)Maracanã
70%
Start Date12th June 2014
68.8%
End Date13th July 2014
68.8%
First team(s) to exitSpain & Australia
66.3%
No. of matches played64
65%
Most represented confederation UEFA (12 sides)
62.5%
Coach of runner-up's sideAlejandro Sabella
52.5%
Average capacity (to 10,000)50,000
42.5%
Opening match stadiumArena de São Paulo
40%
Total goals scored171
40%
Least represented confederationOFC (0 sides)
40%
Oldest player (43y 0m 3d)Faryd Mondragon
33.8%
Youngest player (18y 11m 13d)Luke Shaw
13.8%
Smallest venue (37,634 seats)Arena da Baixada
12.5%

You're not logged in!

Compare scores with friends on all Sporcle quizzes.
Join for Free
OR
Log In

You Might Also Like...

Show Comments

Extras

Top Quizzes Today


Score Distribution

Your Account Isn't Verified!

In order to create a playlist on Sporcle, you need to verify the email address you used during registration. Go to your Sporcle Settings to finish the process.

Report this User

Report this user for behavior that violates our Community Guidelines.

Details: